000 00296nam a22001337a 4500
008 170407b xxu||||| |||| 00| 0 eng d
020 _a9780071441599
041 _aeng
080 _a616
100 _a9
101 _aSHM
245 _aPATHOPHYSIOLOGY OF DISEASE
_cMCPHEE, S.J
942 _2udc
_cBK
999 _c10140
_d10140